000
00192nam a2200085Ia 4500
008
170617s9999 xx 000 0 und d
100
_a
Gaud- R.s
245
0
_a
Text book of pharmaceutics
260
_b
Nirali
260
_c
2008
999
_c
15699
_d
15699